000 00707cam a22002413a 4500
001 14326
003 PGUSA
005 20140828083316.0
008 041211s2004||||xxu|||||s|||||000 | eng d
040 _aPGUSA
_beng
042 _adc
050 4 _aDA
100 1 _aMcNeill, Ronald,
_d1861-1934
245 1 0 _aUlster's Stand For Union
_h[electronic resource] /
_cRonald McNeill
260 _bProject Gutenberg,
_c2004
506 _aPublic domain in the USA.
516 _aElectronic text
653 _aUlster (Northern Ireland and Ireland) -- Politics and government
653 _aIrish question
830 0 _aProject Gutenberg
_v14326
856 4 0 _uhttp://www.gutenberg.org/ebooks/14326
942 _cEB
999 _c243581
_d243581